| Поле | Название | Значение |
| |
Тип записи |
a |
| |
Библиографический уровень |
m |
| 001 |
Контрольный номер |
RU/URAIT/583053 |
| 005 |
Дата корректировки |
20260429163648.9 |
| 008 |
Кодируемые данные |
260429s2026 RU y f j 000 0 rus u |
| 020 |
Индекс ISBN |
__ |
| a |
ISBN |
978-5-534-18736-6 |
| c |
Цена, тираж |
2309.00 |
| 040 |
Источник каталогиз. |
__ |
| a |
Служба первич. каталог. |
ИКО Юрайт |
| c |
Служба, преобразующая запись |
ИКО Юрайт |
| e |
Правила каталог. |
RCR |
| 041 |
Код языка издания |
__ |
| a |
Код языка текста |
rus |
| 044 |
Код страны публикации |
__ |
| a |
Код страны публикации |
RU |
| 080 |
Индекс УДК |
__ |
| a |
Индекс УДК |
316 |
| 084 |
Индекс другой классификации/Индекс ББК |
__ |
| 2 |
Источник индекса |
rubbk |
| a |
Индекс другой классификации/Индекс ББК |
60.5я73 |
| 100 |
Автор |
__ |
| a |
Автор |
Кравченко С. А. |
| q |
Полное имя |
Кравченко Сергей Александрович |
| 245 |
Заглавие |
__ |
| a |
Заглавие |
Социология. Классические социологические теории |
| b |
Продолж. заглавия |
учебник для вузов |
| c |
Ответственность |
С. А. Кравченко. |
| 256 |
Характеристики компьютерного файла |
__ |
| a |
Характеристики компьютерного файла |
Электрон. дан. |
| 260 |
Выходные данные |
__ |
| a |
Место издания |
Москва |
| b |
Издательство |
Юрайт |
| c |
Дата издания |
2026 |
| 300 |
Физическое описание |
__ |
| a |
Объем |
448 с |
| 440 |
Серия |
__ |
| a |
Серия |
Высшее образование |
| 500 |
Примечания |
__ |
| a |
Примечание |
URL: https://urait.ru/bcode/583053 (дата обращения: 29.04.2026). |
| 520 |
Аннотация |
__ |
| a |
Аннотация |
Рассмотрена суть творчества ведущих представителей мировой социологической мысли. Акцент сделан на практической пользе научных разработок, овладении основными категориями социологической науки и умении применять их для анализа усложняющейся динамики социальных, культурных и коммуникативных процессов. Материал дан в контексте сравнительного анализа реалий современных обществ. |
| 538 |
Прим. о системных особенностях |
__ |
| a |
Прим. о системных особенностях |
Режим доступа: Электронно-библиотечная система Юрайт, для авториз. пользователей |
| 653 |
Ключевые слова |
__ |
| a |
Ключевые слова |
Социология |
| 653 |
Ключевые слова |
__ |
| a |
Ключевые слова |
Общественные науки |
| 653 |
Ключевые слова |
__ |
| a |
Ключевые слова |
История социологии |
| 653 |
Ключевые слова |
__ |
| a |
Ключевые слова |
Социология |
| 653 |
Ключевые слова |
__ |
| a |
Ключевые слова |
Современные социологические теории |
| 653 |
Ключевые слова |
__ |
| a |
Ключевые слова |
Основы социологии |
| 653 |
Ключевые слова |
__ |
| a |
Ключевые слова |
Введение в социологию |
| 653 |
Ключевые слова |
__ |
| a |
Ключевые слова |
Классические теории социологии |
| 653 |
Ключевые слова |
__ |
| a |
Ключевые слова |
История социологии и современные социологические теории |
| 653 |
Ключевые слова |
__ |
| a |
Ключевые слова |
Специальные социологические теории |
| 856 |
Электронный адрес документа |
40 |
| n |
Местонахождение сервера |
Юрайт |
| g |
|
Электронная книга |
| q |
Тип электронного формата |
html |
| h |
Имя пользователя |
ЮРАЙТ |
| v |
Часы доступа к ресурсу |
20271231 |
| 2 |
Способ доступа |
Показать документ |
| x |
Служебное примечание |
https://urait.ru/book/cover/9E3534A7-6D8E-4A12-B567-684562062A70 |
| u |
URL |
https://urait.ru/bcode/583053 |
| 856 |
Электронный адрес документа |
48 |
| q |
Тип электронного формата |
cover |
| u |
URL |
https://urait.ru/book/cover/9E3534A7-6D8E-4A12-B567-684562062A70 |
| 911 |
|
__ |
| u |
|
0030=https://urait.ru/bcode/583053 |
| 911 |
|
__ |
| u |
|
073a=9785534187366 |
| u |
|
073d=2309.00 |
| 911 |
|
__ |
| u |
|
106a=s |
| 911 |
|
__ |
| u |
|
900l= |
| 952 |
Тип литературы |
__ |
| i |
Дисциплина |
История социологии |
| 952 |
Тип литературы |
__ |
| i |
Дисциплина |
Социология |
| 952 |
Тип литературы |
__ |
| i |
Дисциплина |
Современные социологические теории |
| 952 |
Тип литературы |
__ |
| i |
Дисциплина |
Основы социологии |
| 952 |
Тип литературы |
__ |
| i |
Дисциплина |
Введение в социологию |
| 952 |
Тип литературы |
__ |
| i |
Дисциплина |
Классические теории социологии |
| 952 |
Тип литературы |
__ |
| i |
Дисциплина |
История социологии и современные социологические теории |
| 952 |
Тип литературы |
__ |
| i |
Дисциплина |
Специальные социологические теории |